000 01172nam0a22002771 4500
001 rc\4485707
005 20130416171435.3
021 _aRU
_b[57-33602]
035 _a(NLR Aleph) 008605184
090 _a8728944
_c8728944
100 _a20130416d1957 |||y0rusy50 ca
101 0 _arus
102 _aRU
105 _ay z |||||
200 1 _aОпыт выращивания молодняка крупного рогатого скота в колхозе "Кехтна" Раплаского района
_fМ-во сельского хозяйства Эст. ССР
210 _aТаллин
_cЭстгосиздат
_d1957
215 _a10 с.
_d20
225 1 _a[Участник Всесоюзной сельскохозяйственной выставки по Эстонской ССР]
300 _aАвт. указан в вып. дан.
606 _aМолодняк крупного рогатого скота
_xВыращивание
_yЭстонская ССР
_2psbo
700 1 _aКутти
_bВ. К.
_gВальтер Карлович
801 0 _aRU
_bNLR
_gpsbo
801 1 _aRU
_bELAR
_2rusmarc
852 _aNLR
_j57-4/8981
942 _cBOOK
980 _aNB